| 000 | 00811nam a2200277 a 4500 | ||
|---|---|---|---|
| 999 |
_c2708 _d2708 |
||
| 001 | 87696 | ||
| 003 | GBCCL | ||
| 005 | 20241126110437.0 | ||
| 008 | 000330r19991993enk 000 0 eng d | ||
| 015 | _aGBA0-10067 | ||
| 020 | _a1852402407 | ||
| 035 | _a(OCoLC)43376875 | ||
| 040 |
_aUKM _cUKM _dLBB |
||
| 049 | _aLBBK | ||
| 082 |
_a253 _bCOO |
||
| 090 |
_aBV 4320 _b.C6 1999 |
||
| 100 | 1 |
_aCoombs, Barney. _95740 |
|
| 245 | 1 | 2 |
_aA guide to practical pastoring / _cBarney Coombs ; foreword by Gerald Coates. |
| 260 |
_aTonbridge : _bSovereign World, _cc1999. |
||
| 300 |
_a175 p. ; _c20 cm. |
||
| 500 | _aOriginally published: Eastbourne : Kingsway Publications, 1993. | ||
| 650 | 0 |
_aClergy _xOffice. _9299 |
|
| 650 | 0 |
_aPastoral theology. _9414 |
|
| 650 | 0 |
_aPastoral counseling. _9547 |
|
| 942 |
_2ddc _cBK _06 |
||